Mutual funds and Indian capital market : (Record no. 66314)

MARC details
000 -LEADER
fixed length control field 00809nam a22001817a 4500
005 - DATE AND TIME OF LATEST TRANSACTION
control field 20120508104317.0
020 ## - INTERNATIONAL STANDARD BOOK NUMBER
International Standard Book Number 817391382X
Terms of availability 00.00
035 ## - SYSTEM CONTROL NUMBER
System control number B-31162
037 ## - SOURCE OF ACQUISITION
Stock number DPL
Source of stock number/acquisition ENG
100 ## - MAIN ENTRY--PERSONAL NAME
Personal name Singh, H.K.
245 ## - TITLE STATEMENT
Title Mutual funds and Indian capital market :
Remainder of title Performance and profitability /
Statement of responsibility, etc by H.K. Singh and Meera Singh
260 ## - PUBLICATION, DISTRIBUTION, ETC. (IMPRINT)
Place of publication, distribution, etc New Delhi
Name of publisher, distributor, etc Kanishka Publishers, Distributors
Date of publication, distribution, etc 2001
300 ## - PHYSICAL DESCRIPTION
Extent v, 223p.
Dimensions 20 cms.
700 ## - ADDED ENTRY--PERSONAL NAME
Personal name Singh, Meera
9 (RLIN) 46630
942 ## - ADDED ENTRY ELEMENTS (KOHA)
Source of classification or shelving scheme Dewey Decimal Classification
Item type English Books
Classification part 332.645
Call number suffix SIN
Holdings
Withdrawn status Lost status Not for loan Collection code Home library Current library Date acquired Cost, normal purchase price Full call number Barcode Cost, replacement price Koha item type
      Non-fiction Sarojini Nagar Sarojini Nagar 08/05/2012 0.00 332.645 SIN B-31162 0.00 English Books
      Non-fiction Sarojini Nagar Sarojini Nagar 10/05/2012 0.00 332.645 SIN B-29874 0.00 English Books

© Delhi Public Library
Hit Counter
free hit counter